Statystyki dla Narodowe linie lotnicze: Ameryka Płd.

Kliknij tutaj aby rozwiązać quiz!

Ogólne statystyki

  • Ten quiz został rozwiązany 10 razy
  • Średni wynik to 3 z 11

Statystyki odpowiedzi

PaństwoLinia lotnicza% Poprawnych
ArgentynaAerolineas Argentinas
83%
KolumbiaAvianca
67%
Gujana FrancuskaAir France
50%
ChileLATAM Chile
33%
Gujana
Trinidad i Tobago
Caribbean Airlines
17%
WenezuelaConviasa
17%
ParagwajLATAM Paraguay
17%
PeruLATAM Peru
17%
SurinamSurinam Airways
17%
BoliwiaBoliviana de Aviacion
0%
FalklandyBritish Airways
0%

Rozkład punktacji

Percentyl według liczby udzielonych odpowiedzi

Procent ludzi z każdym wynikiem

Twoja historia wyników

Nie rozwiązałeś tego quizu